000 00598nam a2200241 a 4500
001 14304
003 BD-JhCC
005 20250302125348.0
008 250302b19792018e a|||| ||a| 001 0 eng d
020 _a9780241339541
035 _a(BD-JhCC)14304
040 _aBD-JhCC
_dBD-JhCC
041 _aenglish
082 _a808.82
_bNIN 2018
100 _aNin,Anais
245 _aThe Veiled Woman /
_cAnais Nin.
260 _aNew York:
_bPenguin Books;
_c2018.
300 _a55 p. :
_c16 cm.
490 _aPenguin Modern: 06
650 _a English short stories
942 _2ddc
_cBK
999 _c14304
_d14304